|
|
|
|
| LEADER |
00000nab a2200000 a 4500 |
| 001 |
vtls010185695 |
| 003 |
SK-MaSNL |
| 005 |
20260304002101.0 |
| 008 |
101104c201009 xo r p 000 00slo |
| 015 |
|
|
|a SNBRB2010/11SVKPO
|
| 038 |
|
|
|a SVKPOCL
|
| 040 |
|
|
|a SVKPOCL
|b slo
|c AACR2
|e AACR2
|
| 041 |
|
|
|a slo
|
| 044 |
|
|
|a xo
|c SK
|
| 080 |
|
|
|a 636.7-051
|2 2001
|
| 080 |
|
|
|a 929 Lukáč, Klaudius
|2 2001
|
| 245 |
0 |
0 |
|a Klaudius Lukáč už ďalšie cenné skúsenosti neodovzdá...
|
| 300 |
|
|
|a Fotogr.
|
| 600 |
1 |
7 |
|a Lukáč, Klaudius,
|d 1937-2010
|2 svkpocl
|9 1279217
|
| 650 |
0 |
7 |
|a kynológovia
|2 svkpocl
|9 55758
|
| 650 |
0 |
7 |
|a rodáci
|2 SNKPH
|9 30842
|
| 651 |
|
7 |
|a Banská Štiavnica (Slovensko)
|2 svkpocl
|9 16373
|
| 773 |
0 |
|
|t Kynologická revue
|g Roč. XXI, č. 9 (2010), s. 17
|x 1335-9282
|
| 852 |
|
|
|a SVKPO
|b KIS3GCP
|
| 856 |
4 |
1 |
|u www.dogsk.sk
|
| 958 |
|
|
|a NB
|
| 958 |
|
|
|a SK
|
| 958 |
|
|
|a BX
|
| 999 |
|
|
|c 2540139
|d 2542069
|